Methods in plant ecology
Bewaard in:
| Hoofdauteur: | |
|---|---|
| Formaat: | Boek |
| Taal: | Undetermined |
| Gepubliceerd in: |
London
Backwell Scientific publications
|
| Onderwerpen: | |
| Tags: |
Voeg label toe
Geen labels, Wees de eerste die dit record labelt!
|
| Thư viện lưu trữ: | Trung tâm Học liệu Trường Đại học Cần Thơ |
|---|
| LEADER | 00441nam a2200157Ia 4500 | ||
|---|---|---|---|
| 001 | CTU_33310 | ||
| 008 | 210402s9999 xx 000 0 und d | ||
| 082 | |a 581.5 | ||
| 082 | |b M823 | ||
| 100 | |a Peter D Moor | ||
| 245 | 0 | |a Methods in plant ecology | |
| 245 | 0 | |c Peter D Moor, S B Chapman | |
| 260 | |a London | ||
| 260 | |b Backwell Scientific publications | ||
| 650 | |a plant ecology | ||
| 980 | |a Trung tâm Học liệu Trường Đại học Cần Thơ | ||